000 00709nam a2200217 a 4500
005 20240815063717.0
008 060725s2005 mx r 000 0 spa d
020 _a9707700882
035 _aUPN01000145635
049 _aI
050 4 _aQL751
_bS2.2
100 1 _aSairigné, Catherine de
245 1 0 _aCómo viven los animales durante el invierno /
_cCatherine de Sairigné ; il. Agnés Mathieu ; tr. Adrián Pellaumail.
260 _aMéxico :
_bSantillana,
_c2005.
300 _a[36] p. :
_bil.
440 0 _aAltea Benjamín
534 _pTraducción de:
_tComent vivent les animaux en hiver
650 4 _aAnimales
_xHábitos y comportamiento
_91059
650 4 _aZoología
_97876
905 _aInfantil
999 _c117781
_d117781